01308nam a2200277 a 450000100100000000500170001000800410002702000180006804000250008608200190011124501040013026000480023430000360028250400560031850400310037460000840040565000280048965000310051770000470054891000370059504900090063295201320064195201170077395201230089099900170101300003617220250723150125.0120110s2011 dr ac 000 0 spa d a9789945164541 aDO-SdBNPbspacBNPHU aRD868.4bV145L00aLuis Heriberto Valdez Pimentel :bcronista de biologías /ccompilador Juan Ml. Pellerano Gómez. aSanto Domingo :bEdiciones Capeldom,c2011. a314 p. :bil., retrs. ;c23 cm. aIncluye bibliografía y notas al pie de páginas. aBibliografía: p.305-306.14aVALDEZ PIMENTEL, LUIS HERIBERTO,d1895-1953xENSAYOS, CONFERENCIAS, ETC.962218 0aProsa dominicana912146 0aLiteratura dominicana.9671 aPellerano Gómez, Juan Ml.,ecomp.911850 aValidado. Control de calidad EMS aBNPD 001154708DSaGRbGRcMId2012-01-10iLF1l0oRD868.4 V145Lp36172-30r2020-06-25te. 3w2020-06-25yLFDSZPréstamo en sala 0010718PDaPDbPDcHDd2012-01-10iLF1l0oRD868.4 V145Lp36172-10r2020-06-25w2020-06-25yLFPDZNo se presta 0010718PDaPDbPDcHDd2012-01-10iLF1l0oRD868.4 V145Lp36172-20r2020-06-25te. 2w2020-06-25yLFPDZNo se presta c35663d35663